| 000 | 01034nam a2200277 a 4500 | ||
|---|---|---|---|
| 001 | BRL_1730 | ||
| 005 | 20190320211337.0 | ||
| 008 | 220715s1947----mx-a######---#000-0#spa-# | ||
| 041 | _aspa | ||
| 044 | _amx | ||
| 050 | 4 |
_aF1219.8.C55 _b.H57 1947 |
|
| 245 | 1 | 0 |
_aHistoria tolteca-chichimeca _banales de Quauhtinchan _cVersión preparada y anotada por Heinrich Berlin en colaboración con Silvia Rendon ; prólogo de Paul Kirchhoff. |
| 260 |
_aMéxico _bAntigua Librería Robredo, de José Porrúa e hijos _c1947 |
||
| 300 |
_a147 p., 25 laminas _bil., mapas _c23 cm. |
||
| 440 | 0 |
_aFuentes para la historia de México _vv.1 _927743 |
|
| 500 | _aColección publicada bajo la dirección de Salvador Toscano | ||
| 500 | _aAu1943. | ||
| 650 | 1 | 4 |
_aChichimecas _xHistoria _923757 |
| 650 | 1 | 4 |
_aToltecas _xHistoria _923758 |
| 651 | 4 |
_aQuauhtinchan (México) _xHistoria _923759 |
|
| 700 | 1 |
_aBerlin, Heinrich _d1915-1988 _927744 |
|
| 700 | 1 |
_aRendon, Silvia _927140 |
|
| 700 | 1 |
_aKirchhoff, Paul _99833 |
|
| 902 | _aGRL | ||
| 942 |
_2lcc _cB |
||
| 999 |
_c10538 _d10538 |
||